000 00356nam a2200133Ia 4500
008 240624s9999 xx 000 0 und d
041 _aeng
082 _a100 WIL
100 _aWILSON CATHERINE
245 _aEPICUREANISM A VERY SHORT INTRODUCTION
260 _c2015
_aNew Delhi
_bOxford University Press
300 _a136 : p. : cm. ; 17
365 _cRS
_b31
999 _c27064
_d27064